ឥទ្ធិពលរបស់ខ្មូត callosovruchus maculatus ទៅលើការស្តុកគ្រាប់សណ្តែកនៅបណ្តាឃ្លាំងនានាជុំវិញរាជធានីភ្នំពេញ ( the economic imparct of callosobruchus maculatus on general bean stock in the warehouses around phnom penh) (Record no. 396)
[ view plain ]
| 000 -LEADER | |
|---|---|
| fixed length control field | 00726nam a22001577a 4500 |
| 003 - CONTROL NUMBER IDENTIFIER | |
| control field | OSt |
| 005 - DATE AND TIME OF LATEST TRANSACTION | |
| control field | 20150914082243.0 |
| 008 - FIXED-LENGTH DATA ELEMENTS--GENERAL INFORMATION | |
| fixed length control field | 150914b xxu||||| |||| 00| 0 eng d |
| 040 ## - CATALOGING SOURCE | |
| Transcribing agency | RUA |
| 082 ## - DEWEY DECIMAL CLASSIFICATION NUMBER | |
| Classification number | AGR HAY 1998 B020 Or.1 |
| 100 ## - MAIN ENTRY--PERSONAL NAME | |
| 9 (RLIN) | 418 |
| Personal name | HAY, VEASNA. |
| 245 ## - TITLE STATEMENT | |
| Title | ឥទ្ធិពលរបស់ខ្មូត callosovruchus maculatus ទៅលើការស្តុកគ្រាប់សណ្តែកនៅបណ្តាឃ្លាំងនានាជុំវិញរាជធានីភ្នំពេញ ( the economic imparct of callosobruchus maculatus on general bean stock in the warehouses around phnom penh) |
| 260 ## - PUBLICATION, DISTRIBUTION, ETC. (IMPRINT) | |
| Place of publication, distribution, etc. | Phnom Penh |
| Name of publisher, distributor, etc. | RUA |
| Date of publication, distribution, etc. | 1998 |
| 300 ## - PHYSICAL DESCRIPTION | |
| Extent | 68p. |
| Other physical details | ill. |
| Dimensions | 29cm. |
| 942 ## - ADDED ENTRY ELEMENTS (KOHA) | |
| Source of classification or shelving scheme | |
| Koha item type | AGR |
| Price effective from | Date last seen | Permanent Location | Not for loan | Date acquired | Source of classification or shelving scheme | Koha item type | Barcode | Lost status | Damaged status | Shelving location | Withdrawn status | Current Location | Full call number |
|---|---|---|---|---|---|---|---|---|---|---|---|---|---|
| 2015-09-14 | 2015-09-14 | Library Block B | 2015-09-14 | AGR | RUA008005 | B020 | Library Block B | AGR HAY 1998 B020 Or.1 | |||||
| 2015-09-14 | 2015-09-14 | Library Block B | 2015-09-14 | AGR | RUA008012 | B020 | Library Block B | AGR HAY 1998 B020 Or.2 | |||||
| 2015-09-14 | 2015-09-14 | Library Block B | 2015-09-14 | AGR | RUA008006 | B020 | Library Block B | AGR HAY 1998 B020 Or.3 | |||||
| 2015-09-14 | 2015-09-14 | Library Block B | 2015-09-14 | AGR | RUA008003 | B020 | Library Block B | AGR HAY 1998 B020 Or.4 | |||||
| 2015-09-14 | 2015-09-14 | Library Block B | 2015-09-14 | AGR | RUA008227 | B020 | Library Block B | AGR HAY 1998 B020 Or.5 | |||||
| 2015-09-14 | 2015-09-14 | Library Block B | 2015-09-14 | AGR | RUA008299 | B020 | Library Block B | AGR HAY 1998 B020 Or.6 |